| 000 | 00580nam a2200205Ia 4500 | ||
|---|---|---|---|
| 005 | 20260429112114.0 | ||
| 008 | 260429s9999||||xx |||||||||||||| ||und|| | ||
| 020 | _a9781032398235 | ||
| 041 | _aEnglish | ||
| 082 |
_a541.2254 _bKUM |
||
| 100 | _aKumar, Anuj | ||
| 245 | 0 |
_aHydrogels : _bfundamentals to advanced energy applications / _cAnuj Kumar |
|
| 250 | _a1st ed. | ||
| 260 |
_aBoca Raton : _bCRC Press, _c2024. |
||
| 300 | _axv, 355 p.; pbk | ||
| 440 | _aSeries in materials science and engineering | ||
| 650 | _aHydrogels | ||
| 700 | _a Gupta, Ram K. | ||
| 942 | _cTB | ||
| 999 |
_c52381 _d52381 |
||